Normal view
MARC view
- García Díaz, Natalia
Entry Nombre Personal
001 - NUMERO DE CONTROL
- campo de control: 45196
003 - IDENTIFICADOR DE NUMERO DE CONTROL
- campo de control: MX-MxUPN
005 - FECHA Y HORA DE LA ÜLTIMA TRANSACCIÓN
- campo de control: 20220630113929.0
008 - DATOS DE LONGITUD FIJA
- campo de control de longitud fija: 220630|| aca||aabn | a|a d
040 ## - FUENTE DE CATALOGACIÓN
- Agencia original de catalogación: MX-MxUPN
- Lenguaje de catalogación: spa
- Agencia de transcripción: MX-MxUPN
100 1# - ENCABEZAMIENTO - NOMBRE PERSONAL
- Nombre personal: García Díaz, Natalia
400 ## - VEÁSE - NOMBRE DE PERSONA
- Personal name: García, Natalia
670 ## - FUENTE EN LA QUE SE LOCALIZARON DATOS
- Cita de la fuente: Síntesis de geografía física y humana : primero y segundo semestres, 1974:
- Información localizada: portada (Natalia García Díaz)
670 ## - FUENTE EN LA QUE SE LOCALIZARON DATOS
- Cita de la fuente: Geografía dos, 1992:
- Información localizada: portada (Natalia Díaz)
902 ## - CATALOGADOR
- Catalogador: VRC/300622
